| 000 | 00522nam a2200181 i 4500 | ||
|---|---|---|---|
| 001 | 56356 | ||
| 003 | ES-MaACL | ||
| 005 | 20230906163339.0 | ||
| 007 | t| | ||
| 008 | 031008q1952 sp ||||1| spa d | ||
| 080 | _a82-84(082.2) | ||
| 245 | 0 | 0 |
_aDiccionario de pensamientos / _crecopilación y prefacio de Ricardo Bartrés. |
| 260 |
_aBarcelona : _bFama, _c1952? |
||
| 300 |
_a367 p. ; _c18 cm. |
||
| 650 | 0 | 4 |
_aMáximas y aforismos. _914865 |
| 700 | 1 |
_aBartrés, Ricardo. _926190 |
|
| 852 |
_aES-MaACL _jD-4679 _bR.31883 |
||
| 999 |
_c56356 _d56356 |
||